[Event "2024 National Elementary (K-6) Championship"]
[Site "Columbus, Ohio, United States"]
[Date "2024.04.28"]
[Round "6.21"]
[White "Singh, Ian Avery"]
[Black "Chen, Celine"]
[Result "1-0"]
[TimeControl "G/90; d10"]
[WhiteFideId "39902676"]
[BlackFideId "39915107"]
[WhiteElo "1829"]
[BlackElo "1760"]

1. e4 {[%clk 01:30:00]} c5 {[%clk 01:30:00]} {[%emt 00:00:10]} 2. d4 {[%clk
01:30:00]} {[%emt 00:00:04]} cxd4 {[%clk 01:30:00]} {[%emt 00:00:10]} 3. c3
{[%clk 01:30:00]} {[%emt 00:00:07]} d3 {[%clk 01:29:44]} {[%emt 00:00:26]} 4.
Bxd3 {[%clk 01:30:00]} {[%emt 00:00:07]} g6 {[%clk 01:29:08]} {[%emt 00:00:47]}
5. Nf3 {[%clk 01:29:40]} {[%emt 00:00:30]} Bg7 {[%clk 01:28:51]} {[%emt
00:00:26]} 6. c4 {[%clk 01:29:35]} {[%emt 00:00:16]} Nc6 {[%clk 01:28:09]}
{[%emt 00:00:52]} 7. O-O {[%clk 01:29:29]} {[%emt 00:00:15]} Nf6 {[%clk
01:27:28]} {[%emt 00:00:51]} 8. Nc3 {[%clk 01:29:28]} {[%emt 00:00:11]} O-O
{[%clk 01:27:01]} {[%emt 00:00:37]} 9. Be3 {[%clk 01:29:20]} {[%emt 00:00:17]}
Ng4 {[%clk 01:26:05]} {[%emt 00:01:07]} 10. Bd2 {[%clk 01:28:47]} {[%emt
00:00:43]} Qc7 {[%clk 01:25:36]} {[%emt 00:00:40]} 11. h3 {[%clk 01:27:35]}
{[%emt 00:01:22]} Nge5 {[%clk 01:25:29]} {[%emt 00:00:17]} 12. Nb5 {[%clk
01:21:51]} {[%emt 00:05:54]} Qd8 {[%clk 01:19:54]} {[%emt 00:05:44]} 13. Nxe5
{[%clk 01:18:46]} {[%emt 00:03:13]} Nxe5 {[%clk 01:19:37]} {[%emt 00:00:29]} 14.
Be2 {[%clk 01:16:10]} {[%emt 00:02:46]} a6 {[%clk 01:16:07]} {[%emt 00:03:40]}
15. Nc3 {[%clk 01:16:03]} {[%emt 00:00:17]} d6 {[%clk 01:14:29]} {[%emt
00:01:47]} 16. Be3 {[%clk 01:15:09]} {[%emt 00:01:04]} Be6 {[%clk 01:13:33]}
{[%emt 00:01:07]} 17. Nd5 {[%clk 01:11:58]} {[%emt 00:03:21]} Bxd5 {[%clk
01:13:00]} {[%emt 00:00:44]} 18. cxd5 {[%clk 01:11:39]} {[%emt 00:00:29]} Rc8
{[%clk 01:12:32]} {[%emt 00:00:36]} 19. Qb3 {[%clk 01:11:23]} {[%emt 00:00:25]}
Qd7 {[%clk 01:09:32]} {[%emt 00:03:11]} 20. f4 {[%clk 01:11:22]} {[%emt
00:00:11]} Nc6 {[%clk 01:06:21]} {[%emt 00:03:21]} 21. dxc6 {[%clk 01:11:22]}
{[%emt 00:00:12]} Qxc6 {[%clk 01:05:39]} {[%emt 00:00:50]} 22. Bd3 {[%clk
01:09:49]} {[%emt 00:01:43]} e6 {[%clk 01:00:08]} {[%emt 00:05:40]} 23. Rac1
{[%clk 01:09:27]} {[%emt 00:00:33]} Qd7 {[%clk 00:59:50]} {[%emt 00:00:28]} 24.
Rfd1 {[%clk 01:08:58]} {[%emt 00:00:39]} Bh6 {[%clk 00:57:02]} {[%emt
00:02:57]} 25. Be2 {[%clk 01:08:10]} {[%emt 00:01:00]} Qe7 {[%clk 00:55:46]}
{[%emt 00:01:25]} 26. Qb6 {[%clk 01:05:10]} {[%emt 00:03:11]} Rxc1 {[%clk
00:50:51]} {[%emt 00:05:05]} 27. Rxc1 {[%clk 01:05:09]} {[%emt 00:00:08]} Rd8
{[%clk 00:49:55]} {[%emt 00:01:04]} 28. Rc7 {[%clk 01:03:26]} {[%emt 00:01:57]}
Rd7 {[%clk 00:47:58]} {[%emt 00:02:06]} 29. Rxd7 {[%clk 01:02:06]} {[%emt
00:01:30]} Qxd7 {[%clk 00:47:58]} {[%emt 00:00:10]} 30. Bf3 {[%clk 00:59:51]}
{[%emt 00:02:26]} Qe7 {[%clk 00:43:02]} {[%emt 00:05:05]} 31. g3 {[%clk
00:56:00]} {[%emt 00:04:01]} e5 {[%clk 00:42:48]} {[%emt 00:00:24]} 32. fxe5
{[%clk 00:54:53]} {[%emt 00:01:17]} Bxe3+ {[%clk 00:42:39]} {[%emt 00:00:20]}
33. Qxe3 {[%clk 00:54:45]} {[%emt 00:00:18]} Qxe5 {[%clk 00:42:38]} {[%emt
00:00:11]} 34. Qf2 {[%clk 00:54:28]} {[%emt 00:00:26]} Qe6 {[%clk 00:42:11]}
{[%emt 00:00:37]} 35. Kh2 {[%clk 00:50:10]} {[%emt 00:04:28]} Qxa2 {[%clk
00:40:07]} {[%emt 00:02:15]} 36. e5 {[%clk 00:48:01]} {[%emt 00:02:19]} dxe5
{[%clk 00:36:35]} {[%emt 00:03:42]} 37. Bxb7 {[%clk 00:48:01]} {[%emt
00:00:09]} a5 {[%clk 00:33:24]} {[%emt 00:03:21]} 38. Qe2 {[%clk 00:46:19]}
{[%emt 00:01:52]} Qb3 {[%clk 00:30:38]} {[%emt 00:02:55]} 39. Bg2 {[%clk
00:45:36]} {[%emt 00:00:54]} Qb8 {[%clk 00:28:44]} {[%emt 00:02:04]} 40. Qd2
{[%clk 00:43:22]} {[%emt 00:02:21]} Qc7 {[%clk 00:26:06]} {[%emt 00:02:40]} 41.
Qd5 {[%clk 00:41:27]} {[%emt 00:02:16]} Kg7 {[%clk 00:23:07]} {[%emt 00:03:06]}
42. Qd2 {[%clk 00:40:02]} {[%emt 00:01:37]} Kg8 {[%clk 00:22:38]} {[%emt
00:00:40]} 43. Qc3 {[%clk 00:39:34]} {[%emt 00:00:34]} Qxc3 {[%clk 00:22:35]}
{[%emt 00:00:17]} 44. bxc3 {[%clk 00:39:34]} {[%emt 00:00:02]} Kf8 {[%clk
00:22:29]} {[%emt 00:00:16]} 45. Bd5 {[%clk 00:39:34]} {[%emt 00:00:05]} Ke7
{[%clk 00:22:29]} {[%emt 00:00:06]} 46. Kg2 {[%clk 00:39:34]} {[%emt 00:00:04]}
a4 {[%clk 00:22:08]} {[%emt 00:00:31]} 47. Kf3 {[%clk 00:39:07]} {[%emt
00:00:37]} f5 {[%clk 00:22:02]} {[%emt 00:00:16]} 48. Ke3 {[%clk 00:38:32]}
{[%emt 00:00:45]} a3 {[%clk 00:21:55]} {[%emt 00:00:18]} 49. Ba2 {[%clk
00:38:23]} {[%emt 00:00:18]} Kd6 {[%clk 00:21:55]} {[%emt 00:00:08]} 50. Kd3
{[%clk 00:37:02]} {[%emt 00:01:31]} Kc5 {[%clk 00:21:46]} {[%emt 00:00:18]} 51.
Kc2 {[%clk 00:33:01]} {[%emt 00:04:11]} f4 {[%clk 00:18:51]} {[%emt 00:03:06]}
52. gxf4 {[%clk 00:32:55]} {[%emt 00:00:17]} exf4 {[%clk 00:18:50]} {[%emt
00:00:09]} 53. Kd3 {[%clk 00:32:55]} {[%emt 00:00:02]} g5 {[%clk 00:18:46]}
{[%emt 00:00:14]} 54. Ke2 {[%clk 00:32:54]} {[%emt 00:00:11]} h6 {[%clk
00:18:37]} {[%emt 00:00:19]} 55. Kf3 {[%clk 00:32:45]} {[%emt 00:00:19]} h5
{[%clk 00:18:26]} {[%emt 00:00:21]} 56. h4 {[%clk 00:30:39]} {[%emt 00:02:17]}
g4+ {[%clk 00:18:23]} {[%emt 00:00:13]} 57. Kxf4 {[%clk 00:30:34]} {[%emt
00:00:14]} Kb5 {[%clk 00:18:15]} {[%emt 00:00:16]} 58. c4+ {[%clk 00:29:59]}
{[%emt 00:00:47]} Kb4 {[%clk 00:18:04]} {[%emt 00:00:18]} 59. Ke4 {[%clk
00:29:48]} {[%emt 00:00:23]} Kc5 {[%clk 00:18:01]} {[%emt 00:00:12]} 60. Ke3
{[%clk 00:29:36]} {[%emt 00:00:22]} Kc6 {[%clk 00:18:01]} {[%emt 00:00:09]} 61.
Kd4 {[%clk 00:29:02]} {[%emt 00:00:45]} Kd6 {[%clk 00:17:20]} {[%emt 00:00:50]}
62. c5+ {[%clk 00:29:02]} {[%emt 00:00:11]} Kc6 {[%clk 00:16:23]} {[%emt
00:01:05]} 63. Bd5+ {[%clk 00:29:02]} {[%emt 00:00:12]} Kc7 {[%clk 00:16:23]}
{[%emt 00:00:09]} 64. Kc3 {[%clk 00:29:02]} {[%emt 00:00:07]} Kd7 {[%clk
00:13:52]} {[%emt 00:02:41]} 65. Kb3 {[%clk 00:28:52]} {[%emt 00:00:19]} Ke7
{[%clk 00:13:05]} {[%emt 00:00:56]} 66. Kxa3 {[%clk 00:28:36]} {[%emt
00:00:29]} Kd7 {[%clk 00:12:59]} {[%emt 00:00:15]} 67. Kb3 {[%clk 00:28:31]}
{[%emt 00:00:14]} Kc7 {[%clk 00:12:56]} {[%emt 00:00:13]} 68. Kc3 {[%clk
00:28:28]} {[%emt 00:00:13]} Kd7 {[%clk 00:12:56]} {[%emt 00:00:09]} 69. Kd4
{[%clk 00:28:28]} {[%emt 00:00:03]} Ke7 {[%clk 00:12:56]} {[%emt 00:00:08]} 70.
Ke5 {[%clk 00:28:28]} {[%emt 00:00:04]} Kd7 {[%clk 00:11:53]} {[%emt 00:01:24]}
71. Kf5 {[%clk 00:28:28]} {[%emt 00:00:06]} Kc7 {[%clk 00:11:31]} {[%emt
00:00:33]} 72. Kg5 {[%clk 00:28:28]} 1-0

[Event "2024 National Elementary (K-6) Championship"]
[Site "Columbus, Ohio, United States"]
[Date "2024.04.28"]
[Round "6.22"]
[White "Jani, Aakash"]
[Black "Boyer-Olson, Jack"]
[Result "1-0"]
[TimeControl "G/90; d10"]
[WhiteFideId "30996163"]
[WhiteElo "1920"]
[BlackElo "1495"]

1. e4 {[%clk 01:30:00]} {[%emt 00:00:02]} c5 {[%clk 01:29:39]} {[%emt
00:00:31]} 2. Nf3 {[%clk 01:29:48]} {[%emt 00:00:22]} d6 {[%clk 01:29:19]}
{[%emt 00:00:53]} 3. d4 {[%clk 01:29:34]} {[%emt 00:00:27]} cxd4 {[%clk
01:29:04]} {[%emt 00:00:24]} 4. Nxd4 {[%clk 01:29:24]} {[%emt 00:00:21]} Nf6
{[%clk 01:28:11]} {[%emt 00:01:01]} 5. Nc3 {[%clk 01:29:17]} {[%emt 00:00:19]}
a6 {[%clk 01:27:33]} {[%emt 00:00:47]} 6. Bg5 {[%clk 01:28:56]} {[%emt
00:00:32]} Nbd7 {[%clk 01:26:53]} {[%emt 00:00:47]} 7. f4 {[%clk 01:27:26]}
{[%emt 00:01:42]} Qc7 {[%clk 01:25:18]} {[%emt 00:01:46]} 8. Qf3 {[%clk
01:26:55]} {[%emt 00:00:41]} e6 {[%clk 01:23:18]} {[%emt 00:02:09]} 9. O-O-O
{[%clk 01:23:04]} {[%emt 00:04:02]} b5 {[%clk 01:20:52]} {[%emt 00:02:34]} 10.
Bd3 {[%clk 01:17:01]} {[%emt 00:06:15]} Bb7 {[%clk 01:18:49]} {[%emt 00:02:11]}
11. Bxf6 {[%emt 00:08:22]} gxf6 {[%clk 01:14:08]} {[%emt 00:02:05]} 12. Qh5
{[%clk 01:10:55]} {[%emt 00:00:51]} Qc5 {[%clk 01:12:54]} {[%emt 00:01:22]} 13.
f5 {[%clk 01:07:44]} {[%emt 00:03:24]} Qxd4 {[%clk 01:11:17]} {[%emt 00:01:47]}
14. fxe6 {[%clk 01:07:44]} {[%emt 00:00:10]} Qe3+ {[%clk 01:11:14]} {[%emt
00:00:11]} 15. Kb1 {[%clk 01:07:44]} {[%emt 00:00:10]} Ne5 {[%clk 01:11:14]}
{[%emt 00:00:07]} 16. exf7+ {[%clk 01:07:44]} {[%emt 00:00:12]} Ke7 {[%clk
01:10:56]} {[%emt 00:00:26]} 17. h4 {[%clk 01:03:51]} {[%emt 00:04:05]} Bc8
{[%clk 01:10:34]} {[%emt 00:00:28]} 18. Nd5+ {[%clk 01:03:51]} 1-0

[Event "2024 National Elementary (K-6) Championship"]
[Site "Columbus, Ohio, United States"]
[Date "2024.04.28"]
[Round "6.23"]
[White "Qiao, Richardson Jingsi"]
[Black "Baksi, Antariksh"]
[Result "1/2-1/2"]
[TimeControl "G/90; d10"]
[WhiteFideId "39927822"]
[BlackFideId "30988748"]
[WhiteElo "1861"]
[BlackElo "1479"]

1. e4 {[%clk 01:30:00]} {[%emt 00:00:05]} e5 {[%clk 01:29:56]} {[%emt
00:00:14]} 2. Nf3 {[%clk 01:29:41]} {[%emt 00:00:29]} Nc6 {[%clk 01:29:46]}
{[%emt 00:00:20]} 3. Bb5 {[%clk 01:29:18]} {[%emt 00:00:33]} a6 {[%clk
01:29:30]} {[%emt 00:00:26]} 4. Ba4 {[%clk 01:29:10]} {[%emt 00:00:19]} Nf6
{[%clk 01:29:15]} {[%emt 00:00:24]} 5. d3 {[%clk 01:28:39]} {[%emt 00:00:42]}
b5 {[%clk 01:29:05]} {[%emt 00:00:21]} 6. Bb3 {[%clk 01:28:07]} {[%emt
00:00:42]} Be7 {[%clk 01:28:41]} {[%emt 00:00:32]} 7. O-O {[%clk 01:27:07]}
{[%emt 00:01:12]} d6 {[%clk 01:27:50]} {[%emt 00:01:00]} 8. Re1 {[%clk
01:26:32]} {[%emt 00:00:44]} Na5 {[%clk 01:27:23]} {[%emt 00:00:38]} 9. c3
{[%clk 01:25:34]} {[%emt 00:01:09]} Nxb3 {[%clk 01:27:10]} {[%emt 00:00:22]} 10.
axb3 {[%clk 01:25:16]} {[%emt 00:00:28]} O-O {[%clk 01:26:35]} {[%emt
00:00:44]} 11. h3 {[%clk 01:25:01]} {[%emt 00:00:26]} c5 {[%clk 01:26:20]}
{[%emt 00:00:25]} 12. d4 {[%clk 01:24:02]} {[%emt 00:01:10]} Qc7 {[%clk
01:25:55]} {[%emt 00:00:33]} 13. Nh2 {[%clk 01:21:03]} {[%emt 00:03:10]} Bb7
{[%clk 01:24:04]} {[%emt 00:02:01]} 14. d5 {[%clk 01:20:00]} {[%emt 00:01:13]}
Rfc8 {[%clk 01:21:43]} {[%emt 00:02:30]} 15. f4 {[%clk 01:17:15]} {[%emt
00:02:56]} exf4 {[%clk 01:11:34]} {[%emt 00:10:19]} 16. Bxf4 {[%clk 01:14:34]}
{[%emt 00:02:52]} Nd7 {[%clk 01:10:57]} {[%emt 00:00:46]} 17. Qg4 {[%clk
01:11:14]} {[%emt 00:03:30]} Bf6 {[%clk 01:06:19]} {[%emt 00:04:48]} 18. Nf1
{[%clk 01:07:40]} {[%emt 00:03:45]} Ne5 {[%clk 01:04:15]} {[%emt 00:02:13]} 19.
Bxe5 {[%clk 01:05:19]} {[%emt 00:02:31]} Bxe5 {[%clk 01:03:04]} {[%emt
00:01:19]} 20. Ne3 {[%clk 01:02:23]} {[%emt 00:03:07]} Re8 {[%clk 00:59:07]}
{[%emt 00:04:08]} 21. Nd2 {[%clk 00:58:20]} {[%emt 00:04:13]} Bc8 {[%clk
00:58:12]} {[%emt 00:01:05]} 22. Qf3 {[%clk 00:57:06]} {[%emt 00:01:24]} Qe7
{[%clk 00:51:57]} {[%emt 00:06:25]} 23. Rf1 {[%clk 00:54:14]} {[%emt 00:03:02]}
Ra7 {[%clk 00:50:04]} {[%emt 00:02:03]} 24. Ng4 {[%clk 00:49:50]} {[%emt
00:04:34]} Bxg4 {[%clk 00:47:50]} {[%emt 00:02:24]} 25. Qxg4 {[%clk 00:49:30]}
{[%emt 00:00:30]} a5 {[%clk 00:41:47]} {[%emt 00:06:13]} 26. Rf3 {[%clk
00:46:13]} {[%emt 00:03:26]} f6 {[%clk 00:32:59]} {[%emt 00:08:58]} 27. Nf1
{[%clk 00:42:42]} {[%emt 00:03:42]} g6 {[%clk 00:29:02]} {[%emt 00:04:06]} 28.
h4 {[%clk 00:40:32]} {[%emt 00:02:21]} Qg7 {[%clk 00:25:30]} {[%emt 00:03:41]}
29. h5 {[%clk 00:39:12]} {[%emt 00:01:31]} b4 {[%clk 00:22:31]} {[%emt
00:03:09]} 30. Nh2 {[%clk 00:35:57]} {[%emt 00:03:25]} Bxh2+ {[%clk 00:20:45]}
{[%emt 00:01:56]} 31. Kxh2 {[%clk 00:35:57]} {[%emt 00:00:08]} Rae7 {[%clk
00:18:42]} {[%emt 00:02:13]} 32. Qf4 {[%clk 00:33:37]} {[%emt 00:02:30]} Rxe4
{[%clk 00:17:26]} {[%emt 00:01:26]} 33. Qxf6 {[%clk 00:33:06]} {[%emt
00:00:41]} Qxf6 {[%clk 00:15:28]} {[%emt 00:02:08]} 34. Rxf6 {[%clk 00:33:06]}
{[%emt 00:00:06]} Rh4+ {[%clk 00:14:59]} {[%emt 00:00:39]} 35. Kg1 {[%clk
00:32:57]} {[%emt 00:00:18]} Rxh5 {[%clk 00:14:50]} {[%emt 00:00:21]} 36. Rxd6
{[%clk 00:32:40]} {[%emt 00:00:26]} Ree5 {[%clk 00:14:41]} {[%emt 00:00:19]} 37.
c4 {[%clk 00:32:15]} {[%emt 00:00:36]} Re2 {[%clk 00:14:13]} {[%emt 00:00:37]}
38. Rxa5 {[%clk 00:31:42]} {[%emt 00:00:43]} Rg5 {[%clk 00:13:52]} {[%emt
00:00:31]} 39. Ra8+ {[%clk 00:27:36]} {[%emt 00:04:16]} Kg7 {[%clk 00:13:50]}
{[%emt 00:00:12]} 40. Rd7+ {[%clk 00:27:18]} {[%emt 00:00:29]} Kh6 {[%clk
00:13:50]} {[%emt 00:00:06]} 41. Raa7 {[%clk 00:23:40]} {[%emt 00:03:48]}
Rgxg2+ {[%clk 00:13:33]} {[%emt 00:00:27]} 42. Kf1 {[%clk 00:23:07]} {[%emt
00:00:43]} Ref2+ {[%clk 00:13:19]} {[%emt 00:00:24]} 43. Ke1 {[%clk 00:23:00]}
{[%emt 00:00:17]} Rxb2 {[%clk 00:13:19]} {[%emt 00:00:07]} 44. Rxh7+ {[%clk
00:22:59]} {[%emt 00:00:10]} Kg5 {[%clk 00:13:19]} {[%emt 00:00:08]} 45. Kf1
{[%clk 00:22:27]} {[%emt 00:00:41]} Rgc2 {[%clk 00:11:56]} {[%emt 00:01:34]} 46.
Rae7 {[%clk 00:21:18]} {[%emt 00:01:18]} Rf2+ {[%clk 00:11:39]} {[%emt
00:00:28]} 47. Ke1 {[%clk 00:20:15]} {[%emt 00:01:13]} Rg2 {[%clk 00:10:22]}
{[%emt 00:01:27]} 48. Kf1 {[%clk 00:20:07]} {[%emt 00:00:17]} Rgc2 {[%clk
00:09:17]} {[%emt 00:01:15]} 49. d6 {[%clk 00:17:32]} {[%emt 00:02:45]} Rf2+
{[%clk 00:08:56]} {[%emt 00:00:32]} 50. Ke1 {[%clk 00:16:51]} {[%emt 00:00:51]}
Rg2 {[%clk 00:08:50]} {[%emt 00:00:16]} 51. Kf1 {[%clk 00:16:39]} {[%emt
00:00:21]} Rbf2+ {[%clk 00:08:48]} {[%emt 00:00:13]} 52. Ke1 {[%clk 00:16:26]}
{[%emt 00:00:22]} Ra2 {[%clk 00:08:48]} {[%emt 00:00:08]} 53. Kf1 {[%clk
00:16:17]} {[%emt 00:00:19]} Raf2+ {[%clk 00:08:22]} {[%emt 00:00:36]} 1/2-1/2

[Event "2024 National Elementary (K-6) Championship"]
[Site "Columbus, Ohio, United States"]
[Date "2024.04.28"]
[Round "6.24"]
[White "Roy Choudhury, Arya"]
[Black "Kong, Scarlett"]
[Result "1/2-1/2"]
[TimeControl "G/90; d10"]
[WhiteFideId "39903079"]
[WhiteElo "1727"]
[BlackElo "1475"]

1. c4 {[%clk 01:30:00]} {[%emt 00:00:02]} c6 {[%clk 01:29:47]} {[%emt
00:00:23]} 2. d4 {[%clk 01:30:00]} {[%emt 00:00:08]} d5 {[%clk 01:29:42]}
{[%emt 00:00:16]} 3. Nc3 {[%clk 01:30:00]} {[%emt 00:00:10]} Nf6 {[%clk
01:29:42]} {[%emt 00:00:09]} 4. Nf3 {[%clk 01:30:00]} {[%emt 00:00:05]} e6
{[%clk 01:29:42]} {[%emt 00:00:04]} 5. g3 {[%clk 01:29:59]} {[%emt 00:00:11]}
Nbd7 {[%clk 01:29:36]} {[%emt 00:00:17]} 6. Bg2 {[%clk 01:29:59]} {[%emt
00:00:08]} dxc4 {[%clk 01:29:24]} {[%emt 00:00:22]} 7. O-O {[%clk 01:29:46]}
{[%emt 00:00:23]} b5 {[%clk 01:28:37]} {[%emt 00:00:56]} 8. Bg5 {[%clk
01:27:10]} {[%emt 00:02:46]} Be7 {[%clk 01:23:19]} {[%emt 00:05:29]} 9. Bxf6
{[%clk 01:24:07]} {[%emt 00:03:12]} Bxf6 {[%clk 01:22:27]} {[%emt 00:01:02]} 10.
Ne5 {[%clk 01:23:59]} {[%emt 00:00:19]} Bxe5 {[%clk 01:17:31]} {[%emt
00:05:06]} 11. dxe5 {[%clk 01:23:53]} {[%emt 00:00:17]} Bb7 {[%clk 01:04:10]}
{[%emt 00:13:30]} 12. Nxb5 {[%clk 01:23:34]} {[%emt 00:00:29]} cxb5 {[%clk
01:02:47]} {[%emt 00:01:33]} 13. Bxb7 {[%clk 01:21:42]} {[%emt 00:02:01]} Rb8
{[%clk 01:02:37]} {[%emt 00:00:21]} 14. Bc6 {[%clk 01:21:41]} {[%emt 00:00:11]}
a6 {[%clk 01:01:53]} {[%emt 00:00:55]} 15. Qd6 {[%clk 01:21:33]} {[%emt
00:00:16]} Rc8 {[%clk 00:57:27]} {[%emt 00:04:36]} 16. Rfd1 {[%clk 01:21:19]}
{[%emt 00:00:23]} Rc7 {[%clk 00:56:19]} {[%emt 00:01:18]} 17. Rd2 {[%clk
01:17:31]} {[%emt 00:03:59]} Qc8 {[%clk 00:53:30]} {[%emt 00:02:58]} 18. Rad1
{[%clk 01:16:44]} {[%emt 00:00:57]} Rxc6 {[%clk 00:52:40]} {[%emt 00:01:00]} 19.
Qxd7+ {[%clk 01:16:28]} {[%emt 00:00:26]} Qxd7 {[%clk 00:52:38]} {[%emt
00:00:12]} 20. Rxd7 {[%clk 01:16:28]} {[%emt 00:00:06]} O-O {[%clk 00:52:29]}
{[%emt 00:00:19]} 1/2-1/2

[Event "2024 National Elementary (K-6) Championship"]
[Site "Columbus, Ohio, United States"]
[Date "2024.04.28"]
[Round "6.25"]
[White "Wang, Tyler"]
[Black "Juturu, Vaibhav"]
[Result "1/2-1/2"]
[TimeControl "G/90; d10"]
[WhiteElo "961"]
[BlackElo "959"]

1. e4 {[%clk 01:30:00]} e5 {[%clk 01:30:00]} {[%emt 00:00:04]} 2. Nf3 {[%clk
01:30:00]} {[%emt 00:00:04]} Nc6 {[%clk 01:30:00]} {[%emt 00:00:06]} 3. Bc4
{[%clk 01:30:00]} {[%emt 00:00:03]} Bc5 {[%clk 01:29:55]} {[%emt 00:00:16]} 4.
c3 {[%clk 01:30:00]} {[%emt 00:00:05]} Nf6 {[%clk 01:29:37]} {[%emt 00:00:27]}
5. d4 {[%clk 01:30:00]} {[%emt 00:00:04]} exd4 {[%clk 01:29:26]} {[%emt
00:00:21]} 6. cxd4 {[%clk 01:30:00]} {[%emt 00:00:06]} Bb4+ {[%clk 01:29:16]}
{[%emt 00:00:20]} 7. Bd2 {[%clk 01:30:00]} {[%emt 00:00:07]} Bxd2+ {[%clk
01:29:04]} {[%emt 00:00:23]} 8. Nbxd2 {[%clk 01:30:00]} {[%emt 00:00:07]} d6
{[%clk 01:28:23]} {[%emt 00:00:51]} 9. O-O {[%clk 01:30:00]} {[%emt 00:00:09]}
O-O {[%clk 01:28:23]} {[%emt 00:00:06]} 10. a3 {[%clk 01:29:44]} {[%emt
00:00:27]} Bg4 {[%clk 01:28:10]} {[%emt 00:00:23]} 11. d5 {[%clk 01:28:38]}
{[%emt 00:01:16]} Ne5 {[%clk 01:27:51]} {[%emt 00:00:29]} 12. Re1 {[%clk
01:28:24]} {[%emt 00:00:24]} Bxf3 {[%clk 01:27:23]} {[%emt 00:00:38]} 13. gxf3
{[%clk 01:28:24]} {[%emt 00:00:09]} Nh5 {[%clk 01:26:01]} {[%emt 00:01:31]} 14.
Kh1 {[%clk 01:26:47]} {[%emt 00:01:47]} Nf4 {[%clk 01:24:55]} {[%emt 00:01:17]}
15. Qb3 {[%clk 01:20:42]} {[%emt 00:06:15]} Rb8 {[%clk 01:24:14]} {[%emt
00:00:52]} 16. Qe3 {[%clk 01:19:46]} {[%emt 00:01:06]} Qf6 {[%clk 01:23:10]}
{[%emt 00:01:14]} 17. Rg1 {[%clk 01:19:00]} {[%emt 00:00:57]} Nfg6 {[%clk
01:21:52]} {[%emt 00:01:27]} 18. Rg3 {[%clk 01:16:14]} {[%emt 00:02:57]} Qf4
{[%clk 01:20:24]} {[%emt 00:01:38]} 19. Rag1 {[%clk 01:14:52]} {[%emt
00:01:31]} Qxe3 {[%clk 01:19:29]} {[%emt 00:01:05]} 20. fxe3 {[%clk 01:14:52]}
{[%emt 00:00:06]} c6 {[%clk 01:18:57]} {[%emt 00:00:42]} 21. f4 {[%clk
01:14:19]} {[%emt 00:00:43]} Nxc4 {[%clk 01:18:23]} {[%emt 00:00:44]} 22. Nxc4
{[%clk 01:14:19]} {[%emt 00:00:06]} Rbd8 {[%clk 01:17:17]} {[%emt 00:01:16]} 23.
f5 {[%clk 01:14:10]} {[%emt 00:00:19]} Ne5 {[%clk 01:16:30]} {[%emt 00:00:57]}
24. Nxe5 {[%clk 01:13:55]} {[%emt 00:00:25]} dxe5 {[%clk 01:16:02]} {[%emt
00:00:38]} 25. Rxg7+ {[%clk 01:13:55]} {[%emt 00:00:04]} Kh8 {[%clk 01:15:55]}
{[%emt 00:00:18]} 26. dxc6 {[%clk 01:13:39]} {[%emt 00:00:26]} bxc6 {[%clk
01:15:39]} {[%emt 00:00:26]} 27. R7g2 {[%clk 01:13:10]} {[%emt 00:00:40]} Rd3
{[%clk 01:14:03]} {[%emt 00:01:45]} 28. Re2 {[%clk 01:12:30]} {[%emt 00:00:51]}
Rb3 {[%clk 01:12:59]} {[%emt 00:01:15]} 29. Rc1 {[%clk 01:12:11]} {[%emt
00:00:29]} Rfb8 {[%clk 01:12:15]} {[%emt 00:00:53]} 30. Rcc2 {[%clk 01:11:37]}
{[%emt 00:00:45]} R8b6 {[%clk 01:09:43]} {[%emt 00:02:42]} 31. Kg1 {[%clk
01:11:32]} {[%emt 00:00:14]} Kg7 {[%clk 01:09:23]} {[%emt 00:00:30]} 32. Kf1
{[%clk 01:11:32]} {[%emt 00:00:03]} Kf6 {[%clk 01:09:08]} {[%emt 00:00:26]} 33.
Ke1 {[%clk 01:11:18]} {[%emt 00:00:23]} Rd3 {[%clk 01:08:37]} {[%emt 00:00:42]}
34. Rcd2 {[%clk 01:10:59]} {[%emt 00:00:29]} Rdb3 {[%clk 01:08:15]} {[%emt
00:00:31]} 35. Kd1 {[%clk 01:10:59]} {[%emt 00:00:06]} c5 {[%clk 01:07:25]}
{[%emt 00:01:01]} 36. Kc1 {[%clk 01:10:24]} {[%emt 00:00:45]} c4 {[%clk
01:07:07]} {[%emt 00:00:27]} 37. Rc2 {[%clk 01:10:22]} {[%emt 00:00:12]} Rc6
{[%clk 01:06:28]} {[%emt 00:00:49]} 38. Rc3 {[%clk 01:10:08]} {[%emt 00:00:24]}
Rxc3+ {[%clk 01:05:57]} {[%emt 00:00:41]} 39. bxc3 {[%clk 01:10:08]} {[%emt
00:00:04]} Rb6 {[%clk 01:05:42]} {[%emt 00:00:27]} 40. Rb2 {[%clk 01:10:07]}
{[%emt 00:00:11]} Rd6 {[%clk 01:04:55]} {[%emt 00:00:57]} 41. Rb7 {[%clk
01:09:45]} {[%emt 00:00:33]} Rd3 {[%clk 01:04:27]} {[%emt 00:00:38]} 42. Rxa7
{[%clk 01:09:44]} {[%emt 00:00:10]} Rxc3+ {[%clk 01:04:07]} {[%emt 00:00:30]}
43. Kd2 {[%clk 01:09:44]} {[%emt 00:00:05]} Rd3+ {[%clk 01:03:44]} {[%emt
00:00:34]} 44. Ke2 {[%clk 01:09:44]} {[%emt 00:00:04]} 1/2-1/2